<?xml version="1.0" encoding="UTF-8"?>
<record
    xmlns:xsi="http://www.w3.org/2001/XMLSchema-instance"
    xsi:schemaLocation="http://www.loc.gov/MARC21/slim http://www.loc.gov/standards/marcxml/schema/MARC21slim.xsd"
    xmlns="http://www.loc.gov/MARC21/slim">

  <leader>01338nam a22002297a 4500</leader>
  <controlfield tag="001">5647</controlfield>
  <controlfield tag="003">FISKH</controlfield>
  <controlfield tag="005">20250109102909.0</controlfield>
  <controlfield tag="008">250109b        cb ||||| |||| 00| 0 eng d</controlfield>
  <datafield tag="020" ind1=" " ind2=" ">
    <subfield code="a">9780199136360</subfield>
  </datafield>
  <datafield tag="040" ind1=" " ind2=" ">
    <subfield code="a">FISKH</subfield>
    <subfield code="b">eng</subfield>
    <subfield code="c">FISKH</subfield>
    <subfield code="d">FISKH</subfield>
  </datafield>
  <datafield tag="082" ind1=" " ind2=" ">
    <subfield code="a">909.82</subfield>
  </datafield>
  <datafield tag="100" ind1=" " ind2=" ">
    <subfield code="a">Cantrell, John</subfield>
  </datafield>
  <datafield tag="245" ind1=" " ind2=" ">
    <subfield code="a">20th century history for Cambridge IGCSERG /</subfield>
    <subfield code="c">by John Cantrell, Neil Smith , Peter Smith with Ray Ennion </subfield>
  </datafield>
  <datafield tag="260" ind1=" " ind2=" ">
    <subfield code="a">Oxford : </subfield>
    <subfield code="b">Oxford University Press ; </subfield>
    <subfield code="c">2013. </subfield>
  </datafield>
  <datafield tag="300" ind1=" " ind2=" ">
    <subfield code="a">411 pages : </subfield>
    <subfield code="b">color illustrations, maps ;</subfield>
    <subfield code="c">29 cm. </subfield>
  </datafield>
  <datafield tag="520" ind1=" " ind2=" ">
    <subfield code="a">Written by experienced teachers and examiners, this fully comprehensive text thoroughly covers all the 20th century elements of the Cambridge IGCSE in History. With a dual focus on knowledge acquisition AND skills development, it includes extensive source analysis work and is packed withoriginal colour sources, graphs, maps and more to hold learners' attention. A dedicated chapter on exam skills fully develops all the skills directly relevant to assessment and the alternative to coursework. Including careful provision for EAL learners, a high level of detail and challenge willstretch your most able students and enable critical thinking.</subfield>
  </datafield>
  <datafield tag="650" ind1=" " ind2=" ">
    <subfield code="a">secondary</subfield>
    <subfield code="v">non-fiction</subfield>
  </datafield>
  <datafield tag="700" ind1=" " ind2=" ">
    <subfield code="a">Smith, Neil</subfield>
    <subfield code="e">illustrator </subfield>
  </datafield>
  <datafield tag="942" ind1=" " ind2=" ">
    <subfield code="2">ddc</subfield>
    <subfield code="c">BK</subfield>
    <subfield code="n">0</subfield>
  </datafield>
  <datafield tag="999" ind1=" " ind2=" ">
    <subfield code="c">5647</subfield>
    <subfield code="d">5647</subfield>
  </datafield>
  <datafield tag="952" ind1=" " ind2=" ">
    <subfield code="0">0</subfield>
    <subfield code="1">0</subfield>
    <subfield code="2">ddc</subfield>
    <subfield code="4">0</subfield>
    <subfield code="7">0</subfield>
    <subfield code="8">NFIC</subfield>
    <subfield code="a">001</subfield>
    <subfield code="b">001</subfield>
    <subfield code="c">SNS</subfield>
    <subfield code="d">2025-01-09</subfield>
    <subfield code="l">0</subfield>
    <subfield code="o">CAN 909.82</subfield>
    <subfield code="p">2025-0005</subfield>
    <subfield code="r">2025-01-09 10:29:05</subfield>
    <subfield code="w">2025-01-09</subfield>
    <subfield code="y">BK</subfield>
  </datafield>
</record>
